000 00461nam a2200193Ia 4500
005 20250423100439.0
008 250422s9999 xx 000 0 und d
020 _a9781118947838
050 _aRJ 61 .M53/
100 _aMiall, Lawrence
245 0 _aPaediatrics at a glance
250 _a4th ed.
260 _aUnited Kingdom
260 _bJohn Wiley & Sons Ltd.
260 _c2016
300 _a187 p
650 _aPediatrics--methods
942 _cBK
999 _c33334
_d33334